Leadership principles for graduates : create success in life one day at a time

Bibliographic Details
Main Author: Maxwell, John C.
Format: Book
Published: Nashville : Thomas Nelson, Inc. , 2007
Subjects:

MARC

LEADER 00000cam a2200000 7i4500
001 0000022326
005 20080727.0
008 080727
020 |a 1404104240 
090 0 0 |a 658.4092   |b MAX 
100 0 |a Maxwell, John C. 
245 1 0 |a Leadership principles for graduates :   |b create success in life one day at a time   |c John C. Maxwell 
260 |a Nashville :   |b Thomas Nelson, Inc. ,   |c 2007 
650 0 |a Leadership 
999 |a 0001036389   |b Book   |c Adult Collection   |e Perbadanan Perpustakaan Awam Johor